[Event "European Senior Teams Chess Championshi"]
[Site "Rogaska Slatina"]
[Date "2012.03.28"]
[Round "2.15"]
[White "Reinemann, Guenter Dr"]
[Black "Fernengel, Rudolf"]
[Result "1/2-1/2"]
[WhiteElo "2011"]
[BlackElo "1833"]
[PlyCount "66"]
[EventDate "2012.03.27"]
[WhiteTeam "GER - CACHSEN-ANGALT"]
[BlackTeam "GER - STIFTUNG BSW/DBAG"]

1. e4 d6 2. d4 e5 3. Nf3 Nc6 4. Bb5 Bd7 5. Nc3 exd4 6. Nxd4 Nxd4 7. Bxd7+ Qxd7
8. Qxd4 Nf6 9. f3 Be7 10. Be3 a6 11. O-O-O Qe6 12. g4 h6 13. h4 c5 14. Qa4+ Qd7
15. Qb3 Qc6 16. Nd5 Nxd5 17. Rxd5 Bf6 18. Rhd1 Rd8 19. g5 hxg5 20. hxg5 Be7 21.
Rf5 Rf8 22. Qc3 g6 23. Rfd5 Rg8 24. e5 dxe5 25. Rxd8+ Bxd8 26. Qxe5+ Qe6 27.
Qxc5 Qxa2 28. b3 Qa1+ 29. Kd2 Qa5+ 30. Qxa5 Bxa5+ 31. Ke2 Ke7 32. Rd2 Bc7 33.
f4 Rd8 1/2-1/2

[Event "European Senior Teams Chess Championshi"]
[Site "Rogaska Slatina"]
[Date "2012.03.28"]
[Round "2.16"]
[White "Svensson, Leif 1940"]
[Black "Gustavsson, Sture"]
[Result "1-0"]
[WhiteElo "2129"]
[BlackElo "2018"]
[PlyCount "75"]
[EventDate "2012.03.27"]
[WhiteTeam "SWE 2"]
[BlackTeam "SWE 4"]

1. d4 Nf6 2. Nc3 g6 3. Bg5 Bg7 4. Qd2 d5 5. O-O-O O-O 6. Bh6 Ne4 7. Nxe4 dxe4
8. Bxg7 Kxg7 9. d5 Qd6 10. h4 h5 11. Qd4+ Qf6 12. Qxe4 c6 13. Nf3 cxd5 14. Qxd5
Nc6 15. Qg5 Qe6 16. Kb1 f6 17. Qc5 b6 18. Qc3 Kh7 19. e4 Bb7 20. Bc4 Qg4 21.
Bd5 Rac8 22. Qe3 Rc7 23. Nh2 Qc8 24. f4 e6 25. Bb3 Na5 26. g4 Nxb3 27. cxb3 f5
28. gxh5 Bxe4+ 29. Ka1 Bxh1 30. hxg6+ Kxg6 31. Rxh1 Kf7 32. Nf3 Rg8 33. Ng5+
Ke7 34. a3 Qb7 35. Qxe6+ Kf8 36. Rd1 Qc8 37. Qf6+ Ke8 38. Re1+ 1-0

[Event "European Senior Teams Chess Championshi"]
[Site "Rogaska Slatina"]
[Date "2012.03.28"]
[Round "2.16"]
[White "Nilsson, Weine"]
[Black "Svensson, Soren"]
[Result "1-0"]
[WhiteElo "1965"]
[BlackElo "2062"]
[PlyCount "139"]
[EventDate "2012.03.27"]
[WhiteTeam "SWE 4"]
[BlackTeam "SWE 2"]

1. e4 e5 2. Nf3 Nc6 3. Bb5 Nd4 4. Bd3 Nxf3+ 5. Qxf3 Qf6 6. Qe2 Bc5 7. Nc3 c6 8.
Na4 Be7 9. c4 d6 10. b3 h5 11. Bb2 b6 12. O-O-O Be6 13. Bc2 Qg5 14. Kb1 Nh6 15.
d4 O-O 16. h3 Rac8 17. Bc1 Qg6 18. f4 exf4 19. Bxf4 f5 20. Rd3 h4 21. e5 d5 22.
c5 b5 23. Nb2 Qh7 24. g3 g5 25. Bc1 Nf7 26. Rf3 hxg3 27. Rxg3 Qh4 28. Rhg1 f4
29. Rf3 Nh6 30. Nd3 Kh8 31. Nf2 Bf5 32. Ka1 Bxc2 33. Qxc2 Nf5 34. Qd3 Qh7 35.
Ng4 Ng3 36. Qxh7+ Kxh7 37. Rg2 Nf5 38. Rd3 Ng3 39. b4 Ne4 40. Nh2 Bd8 41. Nf3
Rg8 42. Kb2 Kh6 43. Bxf4 Be7 44. Bc1 Kh5 45. Nd2 Rcf8 46. Nxe4 dxe4 47. Rdg3
Rf3 48. Be3 Rgf8 49. Kc2 Kh4 50. Bxg5+ Bxg5 51. Rxg5 Kxh3 52. Re2 Rf2 53. Kd2
R8f3 54. Rxf2 e3+ 55. Ke2 exf2 56. Kf1 Rf4 57. Rg2 Rxd4 58. Rxf2 Rd1+ 59. Ke2
Rd5 60. Rf6 Rxe5+ 61. Kf3 Kh2 62. Rxc6 Rh5 63. Ra6 Rh3+ 64. Kf2 Rh7 65. Ra5
Rf7+ 66. Ke3 Rb7 67. Kd4 Kg3 68. c6 Rc7 69. Kc5 Kf4 70. Kd6 1-0

[Event "European Senior Teams Chess Championshi"]
[Site "Rogaska Slatina"]
[Date "2012.03.28"]
[Round "2.17"]
[White "Scholes, James E"]
[Black "Pesec, Franc"]
[Result "1-0"]
[WhiteElo "2100"]
[BlackElo "2116"]
[PlyCount "89"]
[EventDate "2012.03.27"]
[WhiteTeam "ENG 3"]
[BlackTeam "SLO - CELJE"]

1. c4 e5 2. Nc3 Nf6 3. g3 g6 4. Bg2 Bg7 5. e4 O-O 6. Nge2 Nc6 7. d3 d6 8. h3
Nd7 9. Be3 f5 10. Qd2 Nf6 11. O-O Be6 12. Nd5 Qd7 13. Kh2 Nh5 14. f4 Rf7 15.
Rf2 Raf8 16. Raf1 b6 17. exf5 gxf5 18. b3 Ne7 19. Nec3 Ng6 20. Bf3 Nf6 21. d4
e4 22. Nxf6+ Bxf6 23. Bh5 d5 24. cxd5 Bxd5 25. Nxd5 Qxd5 26. Be2 b5 27. Rc1 Rd7
28. Rc5 Qxc5 29. dxc5 Rxd2 30. Bxd2 Bd4 31. Rf1 c6 32. Rc1 Rd8 33. a4 bxa4 34.
Ba5 Rb8 35. b4 a3 36. Bc4+ Kf8 37. Rd1 Bc3 38. Rd7 Ne7 39. g4 fxg4 40. hxg4
Bxb4 41. Bc7 Rb7 42. Rd8+ Kg7 43. Be5+ Kh6 44. Rd6+ Ng6 45. Be2 1-0

[Event "European Senior Teams Chess Championshi"]
[Site "Rogaska Slatina"]
[Date "2012.03.28"]
[Round "2.17"]
[White "Djurkovic, Maks"]
[Black "Kendall, Paul S N"]
[Result "1/2-1/2"]
[WhiteElo "2130"]
[BlackElo "2042"]
[PlyCount "117"]
[EventDate "2012.03.27"]
[WhiteTeam "SLO - CELJE"]
[BlackTeam "ENG 3"]

1. d4 Nf6 2. Nf3 e6 3. g3 b6 4. Bg2 Bb7 5. O-O Be7 6. c4 O-O 7. Re1 d6 8. Nbd2
Nbd7 9. e4 e5 10. b3 exd4 11. Nxd4 Nc5 12. Qc2 a5 13. Bb2 Nfd7 14. a3 Ne5 15.
Bf1 Bf6 16. Bc3 Nc6 17. Nb5 Bxc3 18. Qxc3 Re8 19. f4 Na7 20. Nxa7 Rxa7 21. Bg2
Qa8 22. Qd4 Bc6 23. g4 Qb7 24. Re3 Ne6 25. Qc3 Nxf4 26. Bf3 Raa8 27. Rae1 Ng6
28. Nf1 Ne5 29. Bd1 Bd7 30. h3 Re7 31. Ng3 g6 32. Ne2 Rae8 33. Nf4 Bc6 34. b4
axb4 35. axb4 Qc8 36. c5 bxc5 37. bxc5 Qb7 38. Bb3 dxc5 39. Qxc5 Bxe4 40. Ba4
Nd7 41. Qd4 c5 42. Qd6 c4 43. Nd5 Qxd5 44. Qxd5 Bxd5 45. Rxe7 Rxe7 46. Rxe7 Nb6
47. Bc2 Kf8 48. Ra7 Be6 49. Kg2 Nd5 50. Be4 h5 51. gxh5 Nf4+ 52. Kf3 Nxh5 53.
h4 Kg7 54. Rc7 Kf6 55. Ke3 Ke5 56. Rc5+ Kd6 57. Kd4 Ng3 58. Rc6+ Kd7 59. Rc5
1/2-1/2

[Event "European Senior Teams Chess Championshi"]
[Site "Rogaska Slatina"]
[Date "2012.03.28"]
[Round "2.17"]
[White "Scowen, Roger S"]
[Black "Gazvoda, Franc"]
[Result "0-1"]
[WhiteElo "1943"]
[BlackElo "2075"]
[PlyCount "102"]
[EventDate "2012.03.27"]
[WhiteTeam "ENG 3"]
[BlackTeam "SLO - CELJE"]

1. e4 c5 2. Nf3 e6 3. d4 cxd4 4. Nxd4 Nf6 5. Nc3 Nc6 6. Nxc6 bxc6 7. e5 Nd5 8.
Nxd5 cxd5 9. Be2 Qc7 10. f4 Bc5 11. c3 a5 12. Bd2 Qb6 13. Qc2 Bf2+ 14. Kf1 a4
15. g3 Bb7 16. Kg2 O-O 17. Bf3 Ba6 18. Be1 Bc5 19. Bf2 Rab8 20. Bxc5 Qxc5 21.
Rhd1 a3 22. b3 Rfc8 23. Rac1 Rc7 24. Rd4 Bb5 25. Be2 Rbc8 26. Qd2 Bc6 27. Kh3
g6 28. Ba6 Ra8 29. Be2 Qf8 30. Rc2 Qh6+ 31. Kg2 Qf8 32. Kh3 Qc8 33. Qc1 Qb7 34.
c4 dxc4 35. Rcxc4 Bg2+ 36. Kh4 Qb8 37. g4 Rxc4 38. Qxc4 Bd5 39. Qb4 Qa7 40. Qc3
Qb6 41. Bc4 Rc8 42. Qd3 Bc6 43. Kg3 Qb4 44. Qd2 Qc5 45. Qd3 Kg7 46. g5 Rh8 47.
h4 h6 48. Qd2 hxg5 49. hxg5 Rh1 50. Qf2 Qb4 51. Bxe6 Qc3+ 0-1

[Event "European Senior Teams Chess Championshi"]
[Site "Rogaska Slatina"]
[Date "2012.03.28"]
[Round "2.17"]
[White "Streicher, Zvonko"]
[Black "Wood, Peter R"]
[Result "1/2-1/2"]
[WhiteElo "2062"]
[BlackElo "1890"]
[PlyCount "64"]
[EventDate "2012.03.27"]
[WhiteTeam "SLO - CELJE"]
[BlackTeam "ENG 3"]

1. d4 e6 2. c4 f5 3. Nc3 Nf6 4. Nf3 Be7 5. g3 d6 6. Bg2 O-O 7. O-O Ne4 8. Qb3
Nxc3 9. bxc3 Nc6 10. Nd2 Qe8 11. f4 g5 12. e3 Rb8 13. Rb1 Na5 14. Qc2 b6 15.
Ba3 Ba6 16. Rfe1 Nxc4 17. Nxc4 Bxc4 18. e4 Qf7 19. d5 Rbe8 20. Rbd1 fxe4 21.
dxe6 Bxe6 22. Bxe4 Bf5 23. Bc1 Bxe4 24. Rxe4 d5 25. Ree1 Bc5+ 26. Kg2 Rxe1 27.
Rxe1 Bd6 28. fxg5 Qf3+ 29. Kh3 Bc5 30. Qe2 Qxe2 31. Rxe2 Rf2 32. Rxf2 Bxf2
1/2-1/2

[Event "European Senior Teams Chess Championshi"]
[Site "Rogaska Slatina"]
[Date "2012.03.28"]
[Round "2.18"]
[White "Palmo, Pentti"]
[Black "Steedman, James"]
[Result "1/2-1/2"]
[WhiteElo "2064"]
[BlackElo "2129"]
[PlyCount "91"]
[EventDate "2012.03.27"]
[WhiteTeam "FIN - TURKU"]
[BlackTeam "NOR 2"]

1. e4 c5 2. c3 d5 3. exd5 Qxd5 4. Na3 Nc6 5. Nf3 Bg4 6. Bc4 Qe4+ 7. Qe2 Bxf3 8.
gxf3 Qxe2+ 9. Bxe2 e6 10. d3 Nf6 11. Be3 Nd5 12. Nc2 Be7 13. O-O-O b5 14. f4
Rc8 15. Bf3 g6 16. d4 c4 17. Bxd5 exd5 18. f5 Kd7 19. Bf4 Bd6 20. Be5 Rhe8 21.
Ne3 Bxe5 22. dxe5 Nxe5 23. Nxd5 Nd3+ 24. Rxd3 cxd3 25. Nf6+ Kc6 26. Nxe8 Rxe8
27. fxg6 hxg6 28. Rd1 Re2 29. Rxd3 Rxf2 30. h4 Rh2 31. Rd4 f5 32. a4 a6 33.
axb5+ axb5 34. b4 Rg2 35. Rd8 Rg4 36. Rh8 Kd5 37. h5 gxh5 38. Rxh5 Kc4 39. Rxf5
Kxc3 40. Rf1 Rg2 41. Rf3+ Kxb4 42. Kb1 Ka4 43. Re3 b4 44. Re1 Rg3 45. Rf1 Ka3
46. Re1 1/2-1/2

[Event "European Senior Teams Chess Championshi"]
[Site "Rogaska Slatina"]
[Date "2012.03.28"]
[Round "2.18"]
[White "Hauge, Tor Arne"]
[Black "Alkkiomaki, Jyrki"]
[Result "1/2-1/2"]
[WhiteElo "2124"]
[BlackElo "2033"]
[PlyCount "89"]
[EventDate "2012.03.27"]
[WhiteTeam "NOR 2"]
[BlackTeam "FIN - TURKU"]

1. e4 e5 2. c4 Nc6 3. Nc3 Nf6 4. Nf3 Bc5 5. Be2 d6 6. O-O O-O 7. d3 h6 8. Nd5
Nd4 9. Bd2 c6 10. Nxf6+ Qxf6 11. b4 Nxf3+ 12. Bxf3 Bd4 13. Rb1 Qe7 14. Be3 c5
15. Bxd4 cxd4 16. Bg4 b6 17. Bxc8 Raxc8 18. b5 f5 19. Qe2 f4 20. f3 Rf6 21. a4
Qc7 22. Qb2 Rb8 23. Qb4 Rf7 24. Rb2 Kh7 25. Ra1 Rd7 26. a5 bxa5 27. Rxa5 Rb6
28. Rba2 Rb7 29. Qe1 g5 30. h3 Kg6 31. Ra6 Qb8 32. Rc6 Rb6 33. Ra6 Rxa6 34.
Rxa6 Rb7 35. Qa5 Kh5 36. Qa3 Rd7 37. Rc6 Qf8 38. Qa6 Kh4 39. Qc8 Qxc8 40. Rxc8
h5 41. Kh2 Rb7 42. Rc6 Rd7 43. Rc8 Rb7 44. Rc6 Rd7 45. Rc8 1/2-1/2

[Event "European Senior Teams Chess Championshi"]
[Site "Rogaska Slatina"]
[Date "2012.03.28"]
[Round "2.18"]
[White "Rantanen, Veikko"]
[Black "Taksrud, Vidar"]
[Result "0-1"]
[WhiteElo "1934"]
[BlackElo "2075"]
[PlyCount "128"]
[EventDate "2012.03.27"]
[WhiteTeam "FIN - TURKU"]
[BlackTeam "NOR 2"]

1. e4 Nf6 2. e5 Nd5 3. d4 d6 4. Nf3 Nc6 5. Be2 Nb6 6. O-O Bf5 7. c3 dxe5 8.
Nxe5 Nxe5 9. dxe5 Qxd1 10. Rxd1 Nd7 11. f4 h5 12. Be3 e6 13. Nd2 Bc5 14. Bxc5
Nxc5 15. Nc4 Rd8 16. Ne3 Be4 17. Rxd8+ Kxd8 18. Rd1+ Ke7 19. Rd4 Bc6 20. Bd1 f6
21. exf6+ gxf6 22. b4 Nd7 23. a4 a6 24. c4 b6 25. Kf2 h4 26. Rd2 Rd8 27. Bb3 a5
28. b5 Be4 29. Bd1 Nc5 30. Rxd8 Kxd8 31. g3 hxg3+ 32. Kxg3 Ke7 33. h4 Bd3 34.
Kf2 Ne4+ 35. Ke1 Kf8 36. f5 exf5 37. Nd5 Bxc4 38. Nxc7 Nc5 39. h5 Kf7 40. Bc2
Bd3 41. Bd1 Be4 42. Kd2 f4 43. h6 Kg6 44. Ne8 f5 45. Nd6 Kxh6 46. Nc4 Nd7 47.
Kc3 Bd5 48. Nd6 Kg5 49. Kd4 Bg2 50. Nc4 Kf6 51. Bh5 Bf1 52. Nd2 Bh3 53. Bd1 Bg4
54. Bc2 Ne5 55. Kd5 f3 56. Kd6 f2 57. Kc7 Be2 58. Bb3 Nf3 59. Bd1 Bxd1 60. Nf1
f4 61. Kxb6 Be2 62. Ka7 Bxf1 63. b6 Ne5 64. b7 Bg2 0-1

[Event "European Senior Teams Chess Championshi"]
[Site "Rogaska Slatina"]
[Date "2012.03.28"]
[Round "2.18"]
[White "Sollid, Stein"]
[Black "Ranki, Martti"]
[Result "1/2-1/2"]
[WhiteElo "2018"]
[BlackElo "1915"]
[PlyCount "36"]
[EventDate "2012.03.27"]
[WhiteTeam "NOR 2"]
[BlackTeam "FIN - TURKU"]

1. e4 e5 2. Bc4 Nc6 3. Nf3 Be7 4. d4 d6 5. d5 Nb8 6. O-O Nf6 7. Nc3 O-O 8. Ne1
c6 9. dxc6 bxc6 10. f4 Nbd7 11. Nd3 Qb6+ 12. Kh1 Qd4 13. Bb3 Nxe4 14. Qf3 Nxc3
15. bxc3 e4 16. cxd4 exf3 17. Rxf3 Bf6 18. Bb2 Bb7 1/2-1/2

[Event "European Senior Teams Chess Championshi"]
[Site "Rogaska Slatina"]
[Date "2012.03.28"]
[Round "2.19"]
[White "Mckerracher, Douglas"]
[Black "Jorgensen, Jorgen"]
[Result "1-0"]
[WhiteElo "2015"]
[BlackElo "2209"]
[PlyCount "76"]
[EventDate "2012.03.27"]
[WhiteTeam "SCO 2"]
[BlackTeam "DEN 2"]

1. e4 Nf6 2. e5 Nd5 3. Nc3 c6 4. Nf3 d6 5. Bc4 e6 6. O-O Nd7 7. exd6 Bxd6 8.
Ne4 Be7 9. d4 b5 10. Bd3 h6 11. Re1 Qc7 12. c3 Bb7 13. a4 a6 14. axb5 cxb5 15.
Ng3 N5f6 16. Qe2 Nb6 17. Ne5 Bd5 18. Nh5 Nxh5 19. Qxh5 Bf6 20. Rxa6 b4 21.
Rxa8+ Bxa8 22. Bb5+ Kf8 23. c4 g6 24. Qe2 Kg7 25. Bf4 Qa7 26. Ng4 Qb7 27. d5
Nxd5 28. cxd5 Qxd5 29. Ne3 Qd4 30. Bg3 Qxb2 31. Qxb2 Bxb2 32. Rb1 Bc3 33. f3
Rc8 34. Kf1 Rc5 35. Ba4 Bb7 36. Bd6 Ba6+ 37. Kf2 Rc8 38. Bxb4 Rb8 1-0

[Event "European Senior Teams Chess Championshi"]
[Site "Rogaska Slatina"]
[Date "2012.03.28"]
[Round "2.19"]
[White "Olesen, Poul Erik Norgaard"]
[Black "Marks, Ian A"]
[Result "1-0"]
[WhiteElo "2052"]
[BlackElo "1891"]
[PlyCount "87"]
[EventDate "2012.03.27"]
[WhiteTeam "DEN 2"]
[BlackTeam "SCO 2"]

1. e4 e5 2. Bc4 Nf6 3. d3 c6 4. Nf3 d5 5. Bb3 Bb4+ 6. c3 Bd6 7. Nbd2 Bg4 8. h3
Bxf3 9. Qxf3 dxe4 10. dxe4 O-O 11. O-O Nbd7 12. Nc4 Be7 13. Bg5 Qc7 14. Rad1
Nc5 15. Bc2 Rfd8 16. Ne3 Rxd1 17. Rxd1 Rd8 18. Nf5 Rxd1+ 19. Qxd1 h6 20. Bh4
Kh7 21. f4 g6 22. fxe5 Qxe5 23. Nxe7 Qxe7 24. Qd4 Ncd7 25. Qxa7 Qe5 26. Qf2 Kg7
27. Bg3 Qe6 28. Qd4 c5 29. Qd3 Qxa2 30. b3 c4 31. bxc4 Nc5 32. Qd1 Qxc4 33. Be5
Qe6 34. Qd4 Ncd7 35. Bd6 Kg8 36. e5 Ne8 37. Ba4 Nxd6 38. Bxd7 Qxd7 39. exd6 b5
40. Qf6 Qa7+ 41. Kh2 Qb6 42. Qe5 Qb8 43. Qe7 b4 44. Qc7 1-0

[Event "European Senior Teams Chess Championshi"]
[Site "Rogaska Slatina"]
[Date "2012.03.28"]
[Round "2.19"]
[White "Murphy, George A A"]
[Black "Jorgensen, Arne Bjorn"]
[Result "0-1"]
[WhiteElo "1811"]
[BlackElo "1991"]
[PlyCount "68"]
[EventDate "2012.03.27"]
[WhiteTeam "SCO 2"]
[BlackTeam "DEN 2"]

1. e4 e6 2. d3 d5 3. Nd2 Nf6 4. Ngf3 c5 5. g3 Nc6 6. Bg2 g6 7. O-O Bg7 8. Re1
O-O 9. Qe2 Qc7 10. c3 b6 11. e5 Nd7 12. d4 a5 13. Nf1 Ba6 14. Qc2 Rac8 15. Ne3
cxd4 16. cxd4 Nb4 17. Qxc7 Rxc7 18. Bf1 Bxf1 19. Rxf1 Nd3 20. Rb1 Nxc1 21.
Rbxc1 Rfc8 22. Rxc7 Rxc7 23. Rd1 Bh6 24. Ne1 Bxe3 25. fxe3 f6 26. exf6 Nxf6 27.
h3 Ne4 28. Kg2 Kg7 29. Nd3 Rc2+ 30. Kf3 h5 31. h4 Kf6 32. a4 Kf5 33. Rc1 Rd2
34. Rc8 Rxd3 0-1

[Event "European Senior Teams Chess Championshi"]
[Site "Rogaska Slatina"]
[Date "2012.03.28"]
[Round "2.19"]
[White "Preuss, Flemming"]
[Black "Flockhart, Hugh"]
[Result "1-0"]
[WhiteElo "1993"]
[BlackElo "1845"]
[PlyCount "71"]
[EventDate "2012.03.27"]
[WhiteTeam "DEN 2"]
[BlackTeam "SCO 2"]

1. f4 d5 2. Nf3 Nf6 3. g3 g6 4. Bg2 Bg7 5. d3 c5 6. O-O O-O 7. Qe1 Nc6 8. e4
dxe4 9. dxe4 e5 10. Nc3 Nd4 11. Rf2 Bg4 12. Nxe5 Be6 13. Be3 Nd7 14. Nxd7 Bxd7
15. Nd5 Bc6 16. c3 Ne6 17. Rd2 b6 18. Rad1 Qe8 19. Qf2 Rd8 20. f5 Bxd5 21. exd5
Nc7 22. d6 Na6 23. Bf4 Be5 24. Bh6 Bg7 25. Bxg7 Kxg7 26. Re1 Qd7 27. f6+ Kg8
28. Re7 Qf5 29. Qxf5 gxf5 30. Rxa7 Nb8 31. d7 h6 32. Kf2 Kh7 33. Kf3 Kg6 34.
Rd6 h5 35. Kf4 Rh8 36. Bh3 1-0

[Event "European Senior Teams Chess Championshi"]
[Site "Rogaska Slatina"]
[Date "2012.03.28"]
[Round "2.20"]
[White "Danner, Lambert"]
[Black "Strand, Oyvin"]
[Result "1-0"]
[WhiteElo "2090"]
[BlackElo "1988"]
[PlyCount "54"]
[EventDate "2012.03.27"]
[WhiteTeam "AUT - WIEN 2"]
[BlackTeam "NOR 3"]

1. g3 d5 2. c4 c6 3. Nf3 g6 4. Bg2 Bg7 5. O-O Nf6 6. d4 O-O 7. Nc3 Nbd7 8. Qd3
dxc4 9. Qxc4 Nb6 10. Qd3 a5 11. Rd1 Nfd5 12. e4 Nb4 13. Qe2 f5 14. Bg5 h6 15.
Bf4 e6 16. a3 Na6 17. Rac1 g5 18. Be5 Qe7 19. Bxg7 Qxg7 20. Ne5 Nd7 21. Nc4 f4
22. e5 Nc7 23. Nd6 Nb6 24. Nce4 Nbd5 25. Bf3 Rb8 26. Bg4 Qg6 27. Nc5 Kh8 1-0

[Event "European Senior Teams Chess Championshi"]
[Site "Rogaska Slatina"]
[Date "2012.03.28"]
[Round "2.20"]
[White "Theting, Helge E"]
[Black "Mira, Helene"]
[Result "1/2-1/2"]
[WhiteElo "1980"]
[BlackElo "2083"]
[PlyCount "96"]
[EventDate "2012.03.27"]
[WhiteTeam "NOR 3"]
[BlackTeam "AUT - WIEN 2"]

1. Nf3 Nf6 2. g3 d5 3. Bg2 c6 4. O-O Bf5 5. d3 e6 6. Nbd2 Be7 7. Qe1 h6 8. e4
Bh7 9. e5 Nfd7 10. Qe2 O-O 11. h4 Qc7 12. Re1 a5 13. Nf1 a4 14. a3 Re8 15. N1h2
c5 16. c3 Nc6 17. Bf4 Bf8 18. h5 b5 19. Ng4 b4 20. cxb4 cxb4 21. Qd2 bxa3 22.
bxa3 Nc5 23. Bxh6 Bf5 24. Nf6+ gxf6 25. exf6 Kh7 26. Ng5+ Kh8 27. Bxf8 Rxf8 28.
Ne4 Kh7 29. Nxc5 Nd4 30. Rac1 Qd8 31. g4 Rg8 32. g5 Qxf6 33. f4 Qd8 34. Qe3 Nb3
35. Rcd1 Nxc5 36. Qxc5 Qb8 37. Qe3 Qb3 38. Qe5 Qxa3 39. Qf6 Qf8 40. Bxd5 Ra5
41. Bxe6 fxe6 42. g6+ Bxg6 43. Qxf8 Rxf8 44. hxg6+ Kxg6 45. Rxe6+ Kf5 46. Rde1
a3 47. R6e5+ Rxe5 48. Rxe5+ Kxf4 1/2-1/2

[Event "European Senior Teams Chess Championshi"]
[Site "Rogaska Slatina"]
[Date "2012.03.28"]
[Round "2.20"]
[White "Teichmeister, Sven"]
[Black "Henrichsen, Erland"]
[Result "1/2-1/2"]
[WhiteElo "2039"]
[BlackElo "1978"]
[PlyCount "55"]
[EventDate "2012.03.27"]
[WhiteTeam "AUT - WIEN 2"]
[BlackTeam "NOR 3"]

1. e4 e6 2. d4 d5 3. Nc3 dxe4 4. Nxe4 Nd7 5. Nf3 Ngf6 6. Bd3 Nxe4 7. Bxe4 Nf6
8. Bg5 c5 9. O-O h6 10. Bxf6 Qxf6 11. Qd3 a6 12. Rad1 cxd4 13. Nxd4 Be7 14. Nc6
O-O 15. Nxe7+ Qxe7 16. Qd6 Qxd6 17. Rxd6 Rb8 18. Rfd1 f5 19. Bf3 Kf7 20. c4 Ke7
21. c5 e5 22. Bd5 Rf6 23. Bb3 Rxd6 24. Rxd6 Bd7 25. Bd5 a5 26. Rg6 Kf8 27. Rd6
Ke7 28. Rg6 1/2-1/2

[Event "European Senior Teams Chess Championshi"]
[Site "Rogaska Slatina"]
[Date "2012.03.28"]
[Round "2.20"]
[White "Kverndal, Leif"]
[Black "Titz, Herbert"]
[Result "1/2-1/2"]
[WhiteElo "1914"]
[BlackElo "2024"]
[PlyCount "53"]
[EventDate "2012.03.27"]
[WhiteTeam "NOR 3"]
[BlackTeam "AUT - WIEN 2"]

1. d4 Nf6 2. Nf3 g6 3. g3 Bg7 4. c4 c5 5. Bg2 O-O 6. O-O cxd4 7. Nxd4 Nc6 8.
Nc3 Nxd4 9. Qxd4 d6 10. Rd1 Qa5 11. Qh4 Rb8 12. Bh6 Qb4 13. Bxg7 Kxg7 14. Qd4
Qc5 15. Qxc5 dxc5 16. Rd2 Be6 17. b3 b6 18. Rad1 Rfc8 19. Nb5 a6 20. Na7 Rc7
21. Nc6 Rbc8 22. Ne5 Ne8 23. Rd8 Nd6 24. Rxc8 Bxc8 25. a4 Be6 26. Nd3 g5 27.
Rd2 1/2-1/2

[Event "European Senior Teams Chess Championshi"]
[Site "Rogaska Slatina"]
[Date "2012.03.28"]
[Round "2.21"]
[White "Johnsen, Oystein"]
[Black "Dahl, Ivar M"]
[Result "0-1"]
[WhiteElo "1899"]
[BlackElo "2146"]
[PlyCount "66"]
[EventDate "2012.03.27"]
[WhiteTeam "NOR 4"]
[BlackTeam "NOR 5"]

1. d4 e6 2. Nf3 Nf6 3. Bg5 d5 4. Nc3 Bb4 5. e3 h6 6. Bxf6 Qxf6 7. a3 Bxc3+ 8.
bxc3 O-O 9. c4 c5 10. c3 Nc6 11. Qc2 b6 12. h4 Ba6 13. Qa4 Na5 14. cxd5 Bxf1
15. Kxf1 exd5 16. Qd7 Rfd8 17. Qg4 cxd4 18. cxd4 Rac8 19. Ne5 Rc2 20. f4 Nc4
21. Rh3 Nd2+ 22. Kg1 Ne4 23. Rf3 Qd6 24. Qf5 Qe6 25. Qxe6 fxe6 26. f5 exf5 27.
Rxf5 Rdc8 28. Nd7 Re2 29. Kh2 Rcc2 30. Rg1 Rxe3 31. Rf8+ Kh7 32. Ne5 Nf6 33.
Nf7 Ng4+ 0-1

[Event "European Senior Teams Chess Championshi"]
[Site "Rogaska Slatina"]
[Date "2012.03.28"]
[Round "2.21"]
[White "Birkestrand, Odd"]
[Black "Fossum, Widar"]
[Result "1/2-1/2"]
[WhiteElo "1837"]
[BlackElo "2040"]
[PlyCount "83"]
[EventDate "2012.03.27"]
[WhiteTeam "NOR 4"]
[BlackTeam "NOR 5"]

1. e4 e6 2. d4 b6 3. Nf3 Bb7 4. Bd3 d6 5. e5 Nd7 6. Bf4 dxe5 7. dxe5 Ne7 8.
Nbd2 Nc5 9. Bb5+ c6 10. Be2 Ng6 11. Bg3 Qd7 12. O-O Rd8 13. c4 Be7 14. Qc2 O-O
15. Rad1 Qc7 16. a3 a5 17. Rfe1 Rd7 18. Nb3 Nxb3 19. Rxd7 Qxd7 20. Qxb3 Qc7 21.
Rd1 Rd8 22. Rxd8+ Qxd8 23. Qc3 c5 24. Qe3 h6 25. h3 Qd7 26. b3 a4 27. Kh2 axb3
28. Qxb3 Bd8 29. Qd3 Qxd3 30. Bxd3 Bc7 31. Bxg6 fxg6 32. Nd2 Ba6 33. f4 g5 34.
fxg5 hxg5 35. Kg1 b5 36. Ne4 b4 37. axb4 cxb4 38. Nd2 Kf7 39. Kf2 Kg6 40. Ke3
Kf5 41. Kd4 Bb7 42. Nf1 1/2-1/2

[Event "European Senior Teams Chess Championshi"]
[Site "Rogaska Slatina"]
[Date "2012.03.28"]
[Round "2.21"]
[White "Lerstad, Bjorn"]
[Black "Johansen, Bjorn"]
[Result "1-0"]
[WhiteElo "1902"]
[BlackElo "1716"]
[PlyCount "83"]
[EventDate "2012.03.27"]
[WhiteTeam "NOR 5"]
[BlackTeam "NOR 4"]

1. d4 d5 2. c4 Nf6 3. Nf3 e6 4. e3 Be7 5. Nc3 O-O 6. Bd2 a6 7. c5 Nc6 8. a3 Bd7
9. b4 b5 10. Bd3 Qc8 11. O-O Bd8 12. Ne5 Ne7 13. f4 c6 14. Qe2 Nf5 15. g4 Ne7
16. Qf3 Ng6 17. g5 Ne8 18. Qh5 f5 19. Nxg6 hxg6 20. Qxg6 Nc7 21. Qh5 Be8 22. g6
Bxg6 23. Qxg6 Rf6 24. Qg2 Kf7 25. Kh1 Be7 26. Rg1 g6 27. Be1 Qh8 28. Bg3 Rg8
29. Qf2 Kf8 30. a4 Rf7 31. axb5 cxb5 32. Nb1 Rh7 33. Nd2 Kf7 34. Nf3 Bf6 35.
Ng5+ Bxg5 36. fxg5 Rc8 37. Bxc7 Rxc7 38. Rxa6 Qe8 39. Qg3 Re7 40. Qe5 Kg8 41.
Rga1 Rxh2+ 42. Kxh2 1-0

[Event "European Senior Teams Chess Championshi"]
[Site "Rogaska Slatina"]
[Date "2012.03.28"]
[Round "2.22"]
[White "Arp, Frans"]
[Black "Stahle, Sten"]
[Result "1-0"]
[WhiteElo "2070"]
[BlackElo "1735"]
[PlyCount "53"]
[EventDate "2012.03.27"]
[WhiteTeam "NED - ORANJE"]
[BlackTeam "FIN - HELSINKI"]

1. e4 c5 2. Nf3 d6 3. d4 cxd4 4. Nxd4 Nf6 5. Nc3 a6 6. Bg5 e6 7. f4 Be7 8. Qf3
Qc7 9. O-O-O b5 10. Bxf6 Bxf6 11. Bxb5+ Nd7 12. Bxd7+ Qxd7 13. e5 Bb7 14. Qg3
Be7 15. Qxg7 O-O-O 16. Qxf7 Bxg2 17. Rhg1 Bh3 18. Rg7 Rhe8 19. Qh5 Bf5 20. Nxf5
exf5 21. exd6 Qa7 22. Rxe7 Rxe7 23. dxe7 Qe3+ 24. Kb1 Rxd1+ 25. Nxd1 Qxe7 26.
Qxf5+ Kc7 27. Qe5+ 1-0

[Event "European Senior Teams Chess Championshi"]
[Site "Rogaska Slatina"]
[Date "2012.03.28"]
[Round "2.22"]
[White "Pitkanen, Juhani"]
[Black "Montsma, Foppe-Jan"]
[Result "1/2-1/2"]
[WhiteElo "1715"]
[BlackElo "1949"]
[PlyCount "37"]
[EventDate "2012.03.27"]
[WhiteTeam "FIN - HELSINKI"]
[BlackTeam "NED - ORANJE"]

1. d4 d6 2. c4 g6 3. Nc3 Bg7 4. e4 e5 5. Be3 Nc6 6. Nge2 exd4 7. Nxd4 Nge7 8.
Be2 O-O 9. O-O f5 10. f3 f4 11. Bf2 g5 12. Qd2 a6 13. Nd5 Ne5 14. b4 c5 15.
bxc5 dxc5 16. Nb3 b6 17. Rad1 Be6 18. a4 a5 19. Qc2 1/2-1/2

[Event "European Senior Teams Chess Championshi"]
[Site "Rogaska Slatina"]
[Date "2012.03.28"]
[Round "2.23"]
[White "Lahti, Jouko"]
[Black "Grahn, Lars"]
[Result "1-0"]
[WhiteElo "2016"]
[BlackElo "2058"]
[PlyCount "71"]
[EventDate "2012.03.27"]
[WhiteTeam "FIN 2"]
[BlackTeam "SWE 3"]

1. e4 Nf6 2. Nc3 e5 3. Nf3 Nc6 4. d4 exd4 5. Nxd4 Bb4 6. Nxc6 bxc6 7. Bd3 Qe7
8. O-O Bxc3 9. bxc3 O-O 10. Bg5 h6 11. Bh4 g5 12. Bg3 Nxe4 13. Bxe4 Qxe4 14.
Bxc7 d5 15. Re1 Qg6 16. Qd4 Be6 17. Re2 Rfc8 18. Bg3 c5 19. Qd2 Rc6 20. Rae1
Ra6 21. h4 g4 22. Bf4 Kh7 23. Re5 Rxa2 24. Qe3 Rc8 25. Bg3 Rc6 26. Qf4 Rxc2 27.
h5 Qg7 28. Rxd5 Rc8 29. Qe4+ Kg8 30. Qxc2 Bxd5 31. Qf5 Bb7 32. Re7 Ba6 33. Rxa7
Re8 34. Rxa6 Qxc3 35. Qxg4+ Kh7 36. Bf4 1-0